000 00704nam a22002177a 4500
003 UA-OsUOA
001 117802
007 ta
008 20160615b un ||||| |||| 00| 0 ukr d
100 _aОстапченко О.
090 _a81
_bО-76
942 _cSA
040 _aUA-OsUOA
_bukr
_cUA-OsUOA
_dUA-OsUOA
245 _a100 знайомих чужинців: запозичена лексика в українській мові через призму навчальної гри
300 _aС.30-41
955 _a0
041 _aukr
080 _a81
773 0 _w117798
650 7 _a8 Мовознавство. Художня література. Літературознавство
_2UDC
999 _c403854
_d403854